000 00458nam a2200169 i 4500
001 88548
003 ES-MaACL
005 20230906175859.0
007 t|
008 050104s1972 sp ||||1| spa d
100 1 _aLamas Arroyo, Angel.
_969779
245 1 0 _aUnos- y otros- /
_cAngel Lamas Arroyo.
250 _a[1ยช ed.].
260 _aBarcelona :
_bLuis de Caralt,
_c[1972]
300 _a640 p. :
_bil. ;
_c22 cm.
852 _aES-MaACL
_jC-48394
_bR.84307
999 _c88548
_d88548